Personnages joués par Pierre Niney par images (Click) - Statistiques

Statistiques générales
  • Ce quiz a été pris 369 fois
    74 depuis la dernière actualisation
  • Le résultat moyen est 9 sur 16
Statistiques - réponses
Hint Réponse % Correct
Le Comte de Monte-Cristo
98%
Yves Saint Laurent
86%
Boîte noire
83%
Fiasco
71%
La Flamme
71%
Sauver ou périr
71%
Frantz
60%
OSS 117 : Alerte rouge en Afrique noire
56%
Casting(s)
54%
L'Odyssée
48%
Le Livre des solutions
41%
Un homme idéal
41%
Goliath
41%
La Promesse de l'aube
40%
Mascarade
37%
Comme des frères
30%
Aucun quiz correspondant
Distribution des résultats
% des personnes avec chaque résultat
Percentile par nombre de réponses
Votre historique - résultats
Vous n’avez pas pris ce quiz depuis la dernière actualisation